Sports Quiz

Random Sports or Country Quiz

BEST NBA COUNTRy PLAYERS Quiz Stats

 Plays Quiz not verified by Sporcle

Also try: Conference USA
Challenge
Share
Tweet
Embed
Score 0/7 Timer 10:00
0 Plays Today
Hint Answer % Correct
GermanyDirk Nowitzki
90.9%
USAMichael Jordan
87.9%
ChinaYao Ming
87.9%
FranceTony Parker
84.8%
CanadaSteve Nash
63.6%
Democratic Republic of the CongoDikembe Mutombo
51.5%
Argentina Manu Ginoboli
3%

You're not logged in!

Compare scores with friends on all Sporcle quizzes.
OR
Log In

You Might Also Like...

Show Comments

Extras

Created May 17, 2017ReportNominate
Tags:Country Quiz, NBA Quiz, player

Top Quizzes Today


Score Distribution

Your Account Isn't Verified!

In order to create a playlist on Sporcle, you need to verify the email address you used during registration. Go to your Sporcle Settings to finish the process.

Report this User

Report this user for behavior that violates our Community Guidelines.

Details: